|
|
|
|
| LEADER |
03125nam a22003973i 4500 |
| 001 |
EBC7153662 |
| 003 |
MiAaPQ |
| 005 |
20231204023228.0 |
| 006 |
m o d | |
| 007 |
cr cnu|||||||| |
| 008 |
231204s2022 xx o ||||0 ger d |
| 020 |
|
|
|a 9783839458464
|q (electronic bk.)
|
| 020 |
|
|
|z 9783837658460
|
| 035 |
|
|
|a (MiAaPQ)EBC7153662
|
| 035 |
|
|
|a (Au-PeEL)EBL7153662
|
| 035 |
|
|
|a (OCoLC)1355218428
|
| 040 |
|
|
|a MiAaPQ
|b eng
|e rda
|e pn
|c MiAaPQ
|d MiAaPQ
|
| 100 |
1 |
|
|a Schwier, Jürgen.
|
| 245 |
1 |
0 |
|a Bewegung, Spiel und Sport im Kindesalter :
|b Neue Entwicklungen und Herausforderungen in der Sportpädagogik.
|
| 250 |
|
|
|a 1st ed.
|
| 264 |
|
1 |
|a Bielefeld :
|b transcript,
|c 2022.
|
| 264 |
|
4 |
|c {copy}2022.
|
| 300 |
|
|
|a 1 online resource (301 pages)
|
| 336 |
|
|
|a text
|b txt
|2 rdacontent
|
| 337 |
|
|
|a computer
|b c
|2 rdamedia
|
| 338 |
|
|
|a online resource
|b cr
|2 rdacarrier
|
| 490 |
1 |
|
|a Pädagogik
|
| 505 |
0 |
|
|a Cover -- Inhalt -- Vorwort -- Bewegung, Spiel und Sport im Kindesalter -- Verschulung oder Entschulung des Sports? -- Was wir über den Sportunterricht der Grundschule wissen - und was nicht -- Bewegt vom Kindergarten in die Primarschule -- Thematisierungen frühkindlichen Sich-Bewegens in den Bildungsplänen der Bundesländer für die frühe Kindheit -- Bewegungspraktiken von 3- bis 6-jährigen Kindern während der Corona‑Pandemie 2020/2021 -- Kindheit als praktizierte Differenz -- Skateboarding mit Kindern -- Einflussfaktoren auf die Besuchspräferenz von Spielplätzen -- Familie als sportpädagogisches Forschungsfeld -- Digitale Medien im Sportunterricht der Grundschule -- Sportunterricht im Internet -- Das tänzerische Selbstkonzept bei Kindern -- Verdeckung - Eine Strategie zur Verwirklichung inklusiver Ansprüche im Sportunterricht? -- Schulsportverweigerung in der Grundschule -- Bewegungsfreude verspielt? -- Zusammenhang von fachdidaktischem Wissen mit der Unterrichtsqualität von Grundschulsportlehrkräften -- Den passenden Sport inszenieren und Talente entdecken -- Interkulturelle Bewegungserziehung in der Grundschule -- Dabeisein ist nicht alles in adaptierten Sportspielen -- Förderung bewegungsdidaktischen Wissens zu barrierefreien Schulhöfen durch 360°‑Video‑Begehungen -- Grundschullehramtsstudierende mit dem Fach Sport im Praktikum -- Nachhaltigkeit und Sport -- Bewegung-Checks an Grundschulen als Baustein der Schulentwicklung -- Autor*innen.
|
| 588 |
|
|
|a Description based on publisher supplied metadata and other sources.
|
| 590 |
|
|
|a Electronic reproduction. Ann Arbor, Michigan : ProQuest Ebook Central, 2023. Available via World Wide Web. Access may be limited to ProQuest Ebook Central affiliated libraries.
|
| 655 |
|
4 |
|a Electronic books.
|
| 700 |
1 |
|
|a Seyda, Miriam.
|
| 776 |
0 |
8 |
|i Print version:
|a Schwier, Jürgen
|t Bewegung, Spiel und Sport im Kindesalter
|d Bielefeld : transcript,c2022
|z 9783837658460
|
| 797 |
2 |
|
|a ProQuest (Firm)
|
| 830 |
|
0 |
|a Pädagogik
|
| 856 |
4 |
0 |
|u https://ebookcentral.proquest.com/lib/matrademy/detail.action?docID=7153662
|z Click to View
|